[Event "Valencia Region-ch Segunda"]
[Site "Valencia"]
[Date "2016.11.12"]
[Round "6"]
[White "Petrov, Rosen Yanev"]
[Black "Coll Ferre, Roberto"]
[Result "1/2-1/2"]
[WhiteElo "1438"]
[BlackElo "1640"]
[PlyCount "71"]
[EventDate "2016.10.01"]
[EventType "swiss"]
[EventRounds "7"]
[EventCountry "ESP"]
[SourceTitle "EXT 2024"]
[Source "ChessBase"]
[SourceDate "2023.10.10"]
[SourceVersion "1"]
[SourceVersionDate "2023.10.10"]
[SourceQuality "1"]

1. d4 d5 2. Bf4 c6 3. Nf3 e6 4. e3 f5 5. Bd3 Nf6 6. c4 Be7 7. h3 0-0 8. Nc3 Bd7 9. 0-0 Ne4 10. cxd5 exd5 11. Rb1 Be8 12. Qc2 Nd7 13. b4 Rc8 14. a4 Bh5 15. Ne5 Nxe5 16. Bxe5 Bd6 17. Bxd6 Qxd6 18. Nxe4 fxe4 19. Be2 Bxe2 20. Qxe2 Rc7 21. a5 a6 22. Qc2 Rf6 23. Qc5 Qd7 24. Kh1 Rh6 25. f4 Qg4 26. Qc2 Rf7 27. Qd1 Qg3 28. Qe1 Qg6 29. Kh2 Qd6 30. Qg3 Rf5 31. Qg4 Rfh5 32. Qc8+ Qf8 33. Qxb7 Qf5 34. Qb8+ Kf7 35. Qc7+ Kf8 36. Qd8+ 1/2-1/2

[Event "Valencia Torrefiel U2200 1st"]
[Site "Valencia"]
[Date "2014.11.01"]
[Round "4.9"]
[White "Paris Turegano, Javier"]
[Black "Petrov, Rosen Yanev"]
[Result "1-0"]
[WhiteElo "1913"]
[BlackElo "1389"]
[PlyCount "79"]
[EventDate "2014.10.31"]
[EventType "swiss"]
[EventRounds "7"]
[EventCountry "ESP"]
[SourceTitle "EXT 2024"]
[Source "ChessBase"]
[SourceDate "2023.10.10"]
[SourceVersion "1"]
[SourceVersionDate "2023.10.10"]
[SourceQuality "1"]

1. Nc3 d5 2. e4 c6 3. Qf3 Nf6 4. e5 Nfd7 5. d4 e6 6. Qg3 c5 7. Nf3 cxd4 8. Nxd4 a6 9. Be2 Nc6 10. Nxc6 bxc6 11. 0-0 g6 12. Bf4 Be7 13. Bh6 Bh4 14. Qe3 Qb6 15. Qh3 Qd8 16. g3 Be7 17. Bg7 Rg8 18. Qxh7 Rxg7 19. Qxg7 Bf8 20. Qh8 Qg5 21. f4 Qh6 22. Qxh6 Bxh6 23. Na4 Bf8 24. b3 Bc5+ 25. Nxc5 Nxc5 26. Bf3 a5 27. h4 Ba6 28. Rf2 Rb8 29. h5 gxh5 30. Rh2 Rb4 31. c3 Rb8 32. Rxh5 Ke7 33. Kf2 Bd3 34. Rah1 Bg6 35. Rh8 Rxh8 36. Rxh8 Nd3+ 37. Ke2 Nc5 38. Ra8 Bd3+ 39. Ke3 Ba6 40. b4 1-0